000 01196nam0a22002651 4500
001 rc\4693496
005 20260406121150.0
021 _aRU
_b67-ОЭ-2329/13
021 _aRU
_bРг8951-67
035 _a(NLR Aleph) 008429424
090 _a9407717
_c9407717
100 _a20130416d1967 |||y0rusy50 ca
101 0 _arus
102 _aRU
105 _ay c |||||
200 1 _aПроект временных указаний по условным обозначениям для геологического дешифрирования материалов аэрофотосъемки в составляемом руководстве "Аэрометоды геологических исследований"
_eДля обсуждения
_fМ-во геологии СССР. Лаборатория аэрометодов
210 _aЛенинград
_cБ. и.
_d1967
215 _a[1], 27 с.
_d20
300 _aОтпеч. множит. аппаратом
712 0 2 _aЛаборатория аэрометодов
_cЛенинград
_3RU\NLR\AUTH\8813703
_9300452
801 0 _aRU
_bNLR
_gpsbo
801 1 _aRU
_bELAR
_2rusmarc
852 _aNLR
_j67-4/18441
942 _cBOOK
980 _aNB